Načítá se...
Educational psychology
| Hlavní autoři: | , |
|---|---|
| Vydáno: |
New Delhi, Sterling Publishing
1988
|
| Témata: |
| LEADER | 004420000a22001450004500 | ||
|---|---|---|---|
| 020 | |a 81-207-0813-X | ||
| 082 | |a 370.15 M8 | ||
| 100 | |a Kundu, C L | ||
| 100 | |a Tutoo, D N | ||
| 245 | |a Educational psychology | ||
| 260 | |a New Delhi, Sterling Publishing | ||
| 260 | |c 1988 | ||
| 650 | |a Educational psychology | ||
| 999 | |c 89800 |d 89800 | ||
| 952 | |0 0 |1 0 |4 0 |6 370_150000000000000_M8 |7 0 |9 82134 |a SBES |b SBES |d 2016-08-12 |l 0 |o 370.15 M8 |p SBES00192 |r 2016-08-12 |w 2016-08-12 | ||